01412nam a2200373 a 450000100060000000300080000600500170001400600190003100700150005000800410006502000180010603500230012403500240014703500250017103500210019604000260021705000220024308000120026508200140027710000300029124501960032126000660051730000150058353301640059865000330076265000190079565000170081465500270083170000450085870000370090371000190094085600620095999900170102135976FlNmELB20241216221400.0m o d | cr cn|||||||||201111r2004 sp |||||s|||||||||||spa d z9788448129989 a(MiAaPQ)EBC3195297 a(Au-PeEL)EBL3195297 a(CaPaEBR)ebr10498630 a(OCoLC)929303946 aFlNmELBbspacFlNmELB 4aHD58.6bC837 2004 a658.01204a658.42221 aCosta García, Mercedes.10aNegociar para CON-vencerh[recurso electronico] :bmétodo, creatividad y persuasión en los negocios /cMercedes Costa García, María del Pilar Galeote Muñoz, Mariana Segura Gálvez. aMadrid :bMcGraw-Hill/Interamericana de España,cD.L. 2004. aIX, 261 p. aRecurso electrónico. Santa Fe, Arg.: e-libro, 2015. Disponible vía World Wide Web. El acceso puede estar limitado para las bibliotecas afiliadas a e-libro. 0aNegociaciones en la empresa. 0aNegociaciones. 0aNegotiation. 4aLibros electrónicos.1 aGaleote Muñoz, Maria del Pilarecoaut.1 aSegura Gálvez, Marianaecoaut.2 ae-libro, Corp.40uhttps://elibro.net/ereader/politecnicointernacional/50035 c35976d35976